| 000 | 00410nam a2200169Ia 4500 | ||
|---|---|---|---|
| 005 | 20250425161013.0 | ||
| 008 | 250425s9999 xx 000 0 und d | ||
| 041 | _aspa | ||
| 082 | _a986.6063 | ||
| 100 | _aVILLACRES MOSCOSO, JORGE W. | ||
| 245 | 0 | _aECUADOR Y COLOMBIA; PRECURSORES DE LA SOBERAN | |
| 250 | _aS.E. | ||
| 260 | _aS.L. | ||
| 260 |
_aSin Pais _bS.E. _c1900 |
||
| 942 | _c01 | ||
| 010 | _a10379 | ||
| 999 |
_c200493 _d200493 |
||